Mega Secret-Theme Word Ladder Quiz Stats

 Plays Quiz not verified by Sporcle

Challenge
Share
Tweet
Embed
Score 0/102 Timer 12:00
0 Plays Today
Clue 4 letter word % Correct
Meat from swinePork
94.4%
There's a 'Great' one in ChinaWall
92.8%
Outside layer of a bananaPeel
90.7%
*If I should ____ from Grace with God*Fall
87.1%
Command for a DogHeel
86.7%
5280 feetMile
86.6%
What ____ up, must come downGoes
86.5%
Not spicyMild
86.1%
What your heirs sue each other overWill
85%
Digits on the feetToes
82.9%
Submerge to the bottomSink
82.9%
Rub your tongue over (e.g. a lollipop)Lick
81.8%
Parasites in hairLice
81.8%
*Fairy Tale of New ____*York
81.5%
What lumberjacks do to treesFell
79.9%
A lion's cryRoar
79.1%
*____'s Ditch*Hell
77.6%
When the sun risesDawn
77.4%
Lemons have a ____ tasteSour
76.8%
*____ [56] of Kilkenny*Wild
76.6%
A privilege or gain, often because of a position or titlePerk
76.2%
A male, uncastrated pigBoar
75.7%
Baby deerFawn
75.5%
____ of ArcJoan
75.3%
Groaning sound of painMoan
74%
Type of averageMean
73.5%
A programming languagePerl
73.4%
To fill a glassPour
73.4%
*Sit ____ by the [16]*Down
72.9%
Red vegetableBeet
72.6%
Goes on a BBQMeat
72.3%
*I'm a Man You Don't ____ Everyday*Meet
72.2%
Head of a faculty, e.g. collegeDean
72.1%
A sport with ponies and mallets.Polo
72%
Clue 4 letter word % Correct
He likes gin martinis, shaken, not stirred.Bond
71.9%
Strike repeatedlyBeat
71.1%
Hired hand who cleansMaid
70.3%
By yourselfSolo
69.4%
*And the ____ Played Waltzing Matilda*Band
68.4%
To pull behindTows
67.8%
How someone is monetarily compensatedPaid
66.4%
To shut violentlySlam
66.3%
*Drunken ____*Boat
66.3%
Actor NeesonLiam
65.4%
____ BlanchettCate
63.4%
What Shane MacGowan doesSing
63.2%
*[17] Green Queens & ____*Jean
63.2%
These are inside cherriesPits
62.5%
Changed color permanently with pigmentsDyed
61.6%
*Dirty Old ____*Town
61.2%
*The ____ Bed of Cuchulainn*Sick
59.9%
*Down in the Ground where the ____ Men Go*Dead
59.6%
A thick plate or slice, especially concreteSlab
59%
Multiple male progenySons
58.1%
*Summer in ____*Siam
57.6%
A feat, an actionDeed
56.8%
Fatty body tissue, especially around the midsectionFlab
56.4%
*A Rainy Night in ____*Soho
54.8%
WanderRoam
54.8%
*Turkish ____ of the Damned*Song
53.6%
Name in a citationCite
53%
Sympathy for a suffererPity
52.4%
Too fast to been seen clearlyBlur
52%
Mixture with moistened clayLoam
51.8%
Winnings at the poker tablePots
51.8%
Politicians, for shortPols
51.7%
Looked atEyed
49.8%
Author of Atlas ShruggedRand
49.6%
Clue 4 letter word % Correct
'That's SOOOOOO ___' (youth saying, short for bohemian)Boho
49.3%
Shane does this when he singsSlur
49%
Bog or marshMire
47.9%
Young menLads
46.6%
*White ____*City
46.4%
*____ Paddy*Poor
46.3%
Botch or blunderFlub
45.7%
He modeled the atomBohr
44.8%
*Sit [32] by the ____*Fire
44.4%
*____ Heaven*Blue
44.4%
A rude personBoor
43.5%
Type of chimneyFlue
42.9%
*The Old ____ Drag*Main
40.6%
Skinny, scrawnyBony
39.8%
Adjective for someone in [51]Lazy
37.5%
In person, the best way to enjoy the secret theme!Live
36.2%
To be idle, relaxLaze
35.9%
*[12] ____ of Kilkenny*Cats
35.4%
*London You're a ____*Lady
34.7%
Ill-bred men, often chauvenistsCads
34.1%
*A [37] of Brown ____*Eyes
33.3%
Lovely, pleasingFair
31.9%
What the ATF doesRaid
31.7%
Willing or obligedFain
31.7%
*A ____ of Brown [101]*Pair
30.5%
Put an excessive loadLade
27.9%
Ore depositLode
27.8%
*The House of ____*Gods
27.1%
*____ Street*Rain
26.2%
*____ Green Queens & [95]*Five
26%
BuggersSods
24.5%
*The ____ of an American*Body
23.4%
PresageBode
22.7%
Theme (not in the ladder)The Pogues
6.3%

You're not logged in!

Compare scores with friends on all Sporcle quizzes.
OR
Log In

You Might Also Like...

Show Comments

Extras

Editor's Pick Apr 19, 2012ReportNominate
Tags:Word Ladder Quiz, long, Musical Songs

Top Quizzes Today


Score Distribution

Your Account Isn't Verified!

In order to create a playlist on Sporcle, you need to verify the email address you used during registration. Go to your Sporcle Settings to finish the process.

Report this User

Report this user for behavior that violates our Community Guidelines.

Details: